AJ Specification (Record no. 119289)

MARC details
000 -LEADER
fixed length control field 00463cas a22001815 4500
001 - CONTROL NUMBER
control field E152073
008 - FIXED-LENGTH DATA ELEMENTS--GENERAL INFORMATION
fixed length control field 110131c2005 xxkmr p 0 a0eng u
035 ## - SYSTEM CONTROL NUMBER
System control number (Sirsi) u152073
041 0# - LANGUAGE CODE
Language code of text/sound track or separate title eng
240 ## - UNIFORM TITLE
Uniform title Architects' Journal Specification
245 00 - TITLE STATEMENT
Title AJ Specification
362 0# - DATES OF PUBLICATION AND/OR SEQUENTIAL DESIGNATION
Dates of publication and/or sequential designation May 2005-
520 ## - SUMMARY, ETC.
Summary, etc. Monthly supplement to Architects' Journal.
554 ## -
-- 12 per year
651 #4 - SUBJECT ADDED ENTRY--GEOGRAPHIC NAME
Geographic name United Kingdom
Chronological subdivision
690 ## - LOCAL SUBJECT ADDED ENTRY--TOPICAL TERM (OCLC, RLIN)
Topical term or geographic name as entry element BUILT ENVIRONMENT
942 ## - ADDED ENTRY ELEMENTS (KOHA)
Suppress in OPAC 0
Holdings
Withdrawn status Lost status Source of classification or shelving scheme Damaged status Not for loan Home library Current library Shelving location Date acquired Total Checkouts Full call number Barcode Date last seen Price effective from Koha item type
    Dewey Decimal Classification     London London Journals 31/01/2011   ARCHITECTS' JOURNAL 152073-2001 06/08/2019 06/08/2019 Journal